| 000 | 00753 a2200217 4500 | ||
|---|---|---|---|
| 001 | 60624 | ||
| 005 | 20260407155858.0 | ||
| 008 | 260407a2002 arg spa d | ||
| 003 | AR-UNSa-BCEJYS | ||
| 040 |
_aAR-UNSa-BCEJYS _bspa _cAR-UNSa-BCEJYS |
||
| 080 |
_a321.7 _xDemocracia |
||
| 245 | 1 | 0 |
_aDemocracia _pLéxico de política |
| 020 | _a978-950-602-445-1 | ||
| 264 | 1 |
_aBuenos Aires : _bEdiciones Nueva Visión _c2002 |
|
| 300 |
_a190 p. _c19 cm. |
||
| 505 | _a1. La tradición antigua y medieval - 2. La tradición moderna – 3. Estado y democracia – 4. Democracia y sociedad de masas – 5. La democracia en el mundo contemporáneo | ||
| 041 | _aspa | ||
| 942 | _cBK | ||
| 590 | _aniveau_biblio:m niveau_hierar:0 | ||
| 100 | 1 | _aGreblo, Edoardo | |
| 999 |
_c7080 _d7080 |
||